Statistisches Jahrbuch der Deutschen Demokratischen Republik 1980

Gespeichert in:
Bibliographische Detailangaben
Format: Buch
Sprache:Deutsch
Veröffentlicht: Berlin Staatsverlag der Deutschen Demokratischen Republik 1980
Tags: Tag hinzufügen
Keine Tags, Fügen Sie das erste Tag hinzu!

MARC

LEADER 00000nam a2200000 4500
001 c141941
005 20250704104659.0
041 0 |a ger 
044 |a DE 
245 1 0 |a Statistisches Jahrbuch der Deutschen Demokratischen Republik 1980 
264 1 |a Berlin  |b Staatsverlag der Deutschen Demokratischen Republik  |c 1980 
300 |a 416 s.